000 00501nam a2200181Ia 4500
008 220216s9999 xx 000 0 und d
100 _aSiddaramaiah
245 0 _aSorption and diffusion of aldehydes and ketones into natural rubber blends
260 _bJournal of Applied Polymer Science
_c1998
300 _a101-112
650 _aDiffusion
650 _aNatural rubber blends
650 _aSorption
700 _aPremakumar U
700 _aRoopa S
700 _aVaradarajalu A
942 _cJS
999 _c69059
_d69059